[Event "SR 1. liga zapad 2012/2013"]
[Site "?"]
[Date "2013.02.23"]
[Round "8.3"]
[White "Straka, Jozef 1994"]
[Black "Klemanic, Emil"]
[Result "1-0"]
[WhiteElo "2348"]
[BlackElo "2209"]
[PlyCount "103"]
[EventDate "2012.??.??"]

1. d4 g6 2. e4 Bg7 3. Nc3 c6 4. f4 d5 5. e5 h5 6. Nf3 Nh6 7. Be3 Bg4 8. Bd3 e6
9. O-O Nf5 10. Bf2 Bh6 11. Ne2 Bxf3 12. gxf3 Nd7 13. b3 h4 14. h3 Qe7 15. c4
O-O-O 16. cxd5 cxd5 17. Qe1 Rdg8 18. Kh2 Kb8 19. Rg1 Nf8 20. Rc1 Bg7 21. Qa5 b6
22. Qc3 Nh7 23. Ba6 Bh6 24. a4 Qd7 25. a5 g5 26. axb6 axb6 27. Bb5 Qb7 28. Bc6
Rc8 29. Bxb7 Rxc3 30. Rxc3 Kxb7 31. Rg4 gxf4 32. Nxf4 Ra8 33. Ng2 Ra2 34. Bxh4
Ne3 35. Rxe3 Bxe3 36. Rg7 Bf4+ 37. Bg3 Ng5 38. Bxf4 Nxf3+ 39. Kg3 Nxd4 40.
Rxf7+ Kc6 41. h4 Nf5+ 42. Kh3 Rb2 43. h5 Rxb3+ 44. Kg4 d4 45. Rxf5 exf5+ 46.
Kxf5 Ra3 47. h6 b5 48. Ke4 Kc5 49. Bg5 b4 50. h7 Ra8 51. Bf6 Kc4 52. Ne1 1-0

[Event "SR 1. liga zapad 2012/2013"]
[Site "?"]
[Date "2013.02.24"]
[Round "9.4"]
[White "Hajek, Lukas"]
[Black "Straka, Jozef 1994"]
[Result "0-1"]
[WhiteElo "2155"]
[BlackElo "2348"]
[PlyCount "58"]
[EventDate "2012.??.??"]

1. d4 Nf6 2. c4 e6 3. Nc3 d5 4. cxd5 exd5 5. Bg5 c6 6. Qc2 Be7 7. e3 O-O 8. Bd3
Nbd7 9. Nge2 Re8 10. O-O Nf8 11. f3 Be6 12. Kh1 Rc8 13. Rad1 Qa5 14. Ng3 Nh5
15. Nxh5 Bxg5 16. f4 Bg4 17. Be2 Bxh5 18. Bxh5 Bf6 19. Rf3 Rc7 20. Qf5 Qb4 21.
Rg3 Ng6 22. Bxg6 hxg6 23. Qc2 Rce7 24. Qd2 Qd6 25. Rf1 Qd7 26. Rff3 Qf5 27. Qd1
c5 28. Ne2 cxd4 29. Nxd4 Bxd4 0-1

[Event "SR 1. liga zapad 2013/2014"]
[Site "?"]
[Date "2013.10.12"]
[Round "1.1"]
[White "Lanc, Alois"]
[Black "Gazik, Igor"]
[Result "1/2-1/2"]
[WhiteElo "2355"]
[BlackElo "2321"]
[PlyCount "90"]
[EventDate "2013.??.??"]
[WhiteTeam "Lokomotiva Trnava"]
[BlackTeam "SK Prievidza"]

1. e4 Nf6 2. e5 Nd5 3. d4 d6 4. c4 Nb6 5. exd6 exd6 6. Bd3 Nc6 7. d5 Ne5 8. Be2
a6 9. Qc2 Qe7 10. Be3 g6 11. Nf3 Bf5 12. Qb3 Nxf3+ 13. Bxf3 Bg7 14. O-O O-O 15.
Bxb6 cxb6 16. Qxb6 Rac8 17. Qb3 Rfe8 18. h3 Qh4 19. Na3 Qd4 20. Bg4 Bxg4 21.
hxg4 Re2 22. Rab1 Qxg4 23. Qd1 Rce8 24. Nc2 R8e5 25. Re1 Rxe1+ 26. Nxe1 Qxc4
27. Nf3 Rxd5 28. Qe1 Qxa2 29. Qe8+ Bf8 30. Re1 Qxb2 31. Qd8 a5 32. Re8 Qa1+ 33.
Kh2 Qg7 34. g3 a4 35. Qa8 Rd1 36. Qxa4 Qa1 37. Qb5 Qb1 38. Qe2 Kg7 39. g4 h6
40. Rb8 Rc1 41. Qe8 Rh1+ 42. Kg3 Rg1+ 43. Nxg1 Qxg1+ 44. Kf3 Qd1+ 45. Kg3 Qg1+
1/2-1/2

[Event "SR 1. liga zapad 2013/2014"]
[Site "?"]
[Date "2013.10.12"]
[Round "1.2"]
[White "Dobrotka, Martin"]
[Black "Banas, Jan"]
[Result "1-0"]
[WhiteElo "2218"]
[BlackElo "2293"]
[PlyCount "125"]
[EventDate "2013.??.??"]
[WhiteTeam "SK Prievidza"]
[BlackTeam "Lokomotiva Trnava"]

1. d4 Nf6 2. c4 g6 3. g3 Bg7 4. Bg2 d5 5. Nc3 dxc4 6. Qa4+ Nfd7 7. Nf3 O-O 8.
Qxc4 Nc6 9. Be3 Nb6 10. Qb3 Be6 11. Qd1 Nc4 12. Bc1 Nxd4 13. Nxd4 Qxd4 14. Qxd4
Bxd4 15. Nb5 Be5 16. f4 Bd6 17. b3 Bb4+ 18. Kf2 Bc5+ 19. e3 Nd6 20. Nxc7 Rad8
21. Nxe6 fxe6 22. Ke2 Rd7 23. Rd1 Rfd8 24. Bb2 Nf5 25. Rxd7 Rxd7 26. Bc1 Kf7
27. Bd2 Nd6 28. a4 a6 29. Rc1 Ba7 30. g4 Ne8 31. Rc8 Nf6 32. g5 Nd5 33. Bh3 Rc7
34. Rxc7 Nxc7 35. Kd3 Bc5 36. Bg2 Nd5 37. Bf3 b6 38. h4 Bd6 39. h5 gxh5 40.
Bxh5+ Kf8 41. Kc4 Nc7 42. Bf3 b5+ 43. Kd4 bxa4 44. bxa4 Kg7 45. Bb7 h6 46.
gxh6+ Kxh6 47. e4 Kh5 48. e5 Ba3 49. Ke4 Kg4 50. Bc8 Kg3 51. Be1+ Kg2 52. Ba5
Nd5 53. Bxe6 Nb4 54. Bd7 Kf2 55. f5 Nc2 56. f6 exf6 57. exf6 Bf8 58. Bd8 Ke2
59. Be7 Bh6 60. f7 a5 61. f8=Q Bxf8 62. Bxf8 Kd2 63. Kd5 1-0

[Event "SR 1. liga zapad 2013/2014"]
[Site "?"]
[Date "2013.10.12"]
[Round "1.3"]
[White "Vass, Frantisek"]
[Black "Gazik, Viktor"]
[Result "1-0"]
[WhiteElo "2283"]
[BlackElo "2166"]
[PlyCount "111"]
[EventDate "2013.??.??"]
[WhiteTeam "Lokomotiva Trnava"]
[BlackTeam "SK Prievidza"]

1. d4 Nf6 2. c4 g6 3. Nc3 Bg7 4. e4 O-O 5. Be2 d6 6. h4 h5 7. f3 e5 8. d5 c6 9.
Bg5 Qb6 10. Qd2 Nbd7 11. Be3 Qc7 12. Nh3 a5 13. Nf2 cxd5 14. Nb5 Qd8 15. cxd5
Nc5 16. O-O-O b6 17. Bh6 Ba6 18. Bxg7 Kxg7 19. Nc3 Qc8 20. Kb1 a4 21. Rc1 Qd7
22. Nd3 Bxd3+ 23. Bxd3 Ra5 24. Qe2 Nxd3 25. Qxd3 b5 26. Ne2 Ne8 27. Rc6 Nc7 28.
Qc3 Ra7 29. Qb4 Rd8 30. Rhc1 Na6 31. Qxb5 Rb8 32. Qc4 Nc5 33. Rc2 Rab7 34. Qc3
Rb4 35. Nc1 Rd4 36. Rd2 Rdb4 37. Nd3 Nxd3 38. Qxd3 f5 39. exf5 gxf5 40. Qa6
Rxh4 41. Rxd6 Qf7 42. Qe2 e4 43. Qe1 Qe7 44. Qg3+ Kf8 45. Rc6 Rh1+ 46. Kc2 Rd8
47. Qg6 Qf7 48. Qh6+ Qg7 49. Qf4 Qf7 50. fxe4 fxe4 51. Qh6+ Ke8 52. Re6+ Kd7
53. Rd6+ Ke7 54. Qg5+ Kxd6 55. Qxd8+ Ke5 56. Qb8+ 1-0

[Event "SR 1. liga zapad 2013/2014"]
[Site "?"]
[Date "2013.10.12"]
[Round "1.4"]
[White "Kaniansky, Miroslav"]
[Black "Felcir, Jaroslav"]
[Result "1/2-1/2"]
[WhiteElo "2203"]
[BlackElo "2178"]
[PlyCount "113"]
[EventDate "2013.??.??"]
[WhiteTeam "SK Prievidza"]
[BlackTeam "Lokomotiva Trnava"]

1. d4 d5 2. Nf3 Nf6 3. c4 c6 4. Nc3 a6 5. c5 Bf5 6. Bf4 Nh5 7. e3 Nxf4 8. exf4
Qc7 9. g3 Bg4 10. h3 Bxf3 11. Qxf3 Nd7 12. Bd3 g6 13. O-O Bg7 14. Ne2 O-O 15.
Rad1 e6 16. h4 b6 17. cxb6 Qxb6 18. b3 a5 19. Bc2 c5 20. dxc5 Qxc5 21. Rc1 Qd6
22. h5 Rfc8 23. hxg6 hxg6 24. Bb1 Bb2 25. Rxc8+ Rxc8 26. Qe3 Qb4 27. Rd1 Kg7
28. Kg2 Nf6 29. Nd4 Bxd4 30. Rxd4 Qd6 31. Qd2 Qc5 32. Ra4 Qc1 33. Qxc1 Rxc1 34.
Bd3 Rc5 35. Kf3 Nd7 36. Ke3 Nb6 37. Ra3 f6 38. b4 axb4 39. Rb3 Nc4+ 40. Kd4 Ra5
41. Rxb4 e5+ 42. fxe5 fxe5+ 43. Kc3 Rxa2 44. Bxc4 dxc4 45. f4 Ra3+ 46. Kxc4
exf4 47. gxf4 Kf6 48. Rb8 Ra4+ 49. Kd3 Rxf4 50. Ke3 Kg5 51. Rb1 Rf5 52. Rh1 Kf6
53. Rh2 Kg7 54. Rf2 Rxf2 55. Kxf2 Kf6 56. Kg2 Ke5 57. Kg3 1/2-1/2

[Event "SR 1. liga zapad 2013/2014"]
[Site "?"]
[Date "2013.10.12"]
[Round "1.5"]
[White "Drtina, Milan"]
[Black "Pinter, Patrik"]
[Result "1-0"]
[WhiteElo "2135"]
[BlackElo "2162"]
[PlyCount "69"]
[EventDate "2013.??.??"]
[WhiteTeam "Lokomotiva Trnava"]
[BlackTeam "SK Prievidza"]

1. e4 g6 2. d4 Bg7 3. f4 d6 4. Nf3 Nf6 5. Bd3 Nc6 6. c3 O-O 7. O-O e5 8. d5 Ne7
9. fxe5 dxe5 10. c4 c6 11. Nc3 cxd5 12. cxd5 Ne8 13. Be3 Nd6 14. Qb3 b6 15.
Rac1 Bd7 16. Rfe1 h6 17. Bf2 Nec8 18. Ba6 Re8 19. a4 Bf8 20. Na2 g5 21. Nb4 f5
22. exf5 e4 23. Nd4 Nxf5 24. Ne6 Qf6 25. Rxe4 Ncd6 26. Ree1 Bxe6 27. dxe6 Nd4
28. Qc3 N6f5 29. Nd5 Qg7 30. Nc7 Rad8 31. Nxe8 Rxe8 32. Bb5 Re7 33. Bd7 Qf6 34.
Rcd1 Bg7 35. Re4 1-0

[Event "SR 1. liga zapad 2013/2014"]
[Site "?"]
[Date "2013.10.12"]
[Round "1.6"]
[White "Hanko, Pavol"]
[Black "Nicolini, Alexander"]
[Result "1/2-1/2"]
[WhiteElo "2141"]
[BlackElo "2151"]
[PlyCount "59"]
[EventDate "2013.??.??"]
[WhiteTeam "SK Prievidza"]
[BlackTeam "Lokomotiva Trnava"]

1. d4 f5 2. Nf3 Nf6 3. g3 g6 4. Bg2 Bg7 5. O-O O-O 6. c4 d6 7. Nc3 Nc6 8. d5
Ne5 9. Nxe5 dxe5 10. f4 e4 11. Be3 Ng4 12. Bd4 e5 13. Bc5 exf4 14. Bxf8 Qxf8
15. Rxf4 Qc5+ 16. Kh1 h5 17. Qa4 c6 18. Rd1 Bd7 19. Qb3 Rb8 20. Na4 Nf2+ 21.
Rxf2 Qxf2 22. e3 Be5 23. c5 Kg7 24. Rf1 Qe2 25. Kg1 Be8 26. Rf2 Qe1+ 27. Rf1
Qe2 28. Rf2 Qe1+ 29. Rf1 Qe2 30. Rf2 1/2-1/2

[Event "SR 1. liga zapad 2013/2014"]
[Site "?"]
[Date "2013.10.12"]
[Round "1.7"]
[White "Liptak, Dusan"]
[Black "Huba, Martin"]
[Result "1-0"]
[WhiteElo "2108"]
[BlackElo "2184"]
[PlyCount "55"]
[EventDate "2013.??.??"]
[WhiteTeam "Lokomotiva Trnava"]
[BlackTeam "SK Prievidza"]

1. d4 Nf6 2. c4 e6 3. Nf3 b6 4. a3 Bb7 5. Nc3 Be7 6. d5 O-O 7. e4 d6 8. Be2
Nbd7 9. Nd4 e5 10. Nf5 Re8 11. g4 Nc5 12. Qc2 Nfd7 13. b4 Na6 14. h4 g6 15.
Nh6+ Kg7 16. Qd2 Rh8 17. Qe3 f6 18. Bd2 Nf8 19. Nf5+ Kf7 20. Nh6+ Kg7 21. O-O-O
Bc8 22. f4 exf4 23. Qxf4 Nb8 24. Rdf1 Nbd7 25. Nb5 Ne5 26. Nd4 Qd7 27. g5 fxg5
28. Qf7+ 1-0

[Event "SR 1. liga zapad 2013/2014"]
[Site "?"]
[Date "2013.10.12"]
[Round "1.8"]
[White "Gunis, Juraj"]
[Black "Puskar, Peter"]
[Result "0-1"]
[WhiteElo "2088"]
[BlackElo "2063"]
[PlyCount "102"]
[EventDate "2013.??.??"]
[WhiteTeam "SK Prievidza"]
[BlackTeam "Lokomotiva Trnava"]

1. Nf3 d5 2. c4 c6 3. g3 Nf6 4. Bg2 dxc4 5. Qc2 b5 6. a4 Bb7 7. O-O e6 8. b3
cxb3 9. Qxb3 a6 10. Bb2 Be7 11. Nd4 b4 12. Rc1 Qd7 13. a5 O-O 14. d3 c5 15. Nf3
Bd5 16. Qd1 Ra7 17. Nbd2 Qb5 18. Nc4 Nbd7 19. e4 Bxc4 20. Rxc4 Rd8 21. Qe2 Nb8
22. Ne5 Nfd7 23. Qg4 Nxe5 24. Bxe5 g6 25. Bf1 Nc6 26. Bf4 Bf6 27. Rac1 Bd4 28.
Bg5 Rdd7 29. Rxd4 cxd4 30. Bf6 h6 31. Qf4 Kh7 32. Rxc6 Qxc6 33. Qb8 Ra8 34. Qf4
b3 35. Bxd4 Rg8 36. Bb2 Qc2 37. Qf6 Qc7 38. h4 Qxa5 39. Bh3 Qd8 40. Qf4 a5 41.
Bc1 Qf8 42. h5 Rxd3 43. Bg4 a4 44. e5 Rc3 45. Kg2 Rxc1 46. Qxc1 a3 47. Bd1 b2
48. Qb1 Qa8+ 49. Bf3 Qa7 50. hxg6+ fxg6 51. Qa2 Rf8 0-1

[Event "SR 1. liga zapad 2013/2014"]
[Site "?"]
[Date "2013.10.12"]
[Round "2.1"]
[White "Pagerka, Martin"]
[Black "Farkas, Gabor"]
[Result "1/2-1/2"]
[WhiteElo "2224"]
[BlackElo "2307"]
[PlyCount "124"]
[EventDate "2013.??.??"]
[WhiteTeam "SK Osuske"]
[BlackTeam "NSK Nitra"]

1. d4 e6 2. c4 b6 3. Nf3 Bb7 4. Nc3 Bb4 5. Qc2 Nf6 6. Bg5 h6 7. Bh4 Qe7 8. a3
Bxc3+ 9. Qxc3 d6 10. e3 g5 11. Bg3 Ne4 12. Qc2 h5 13. Bd3 f5 14. h4 g4 15. Ng5
Nxg5 16. hxg5 Bxg2 17. Rh2 Bf3 18. d5 Nd7 19. dxe6 Nc5 20. Bxf5 Nxe6 21. Qc3
O-O-O 22. c5 Rhf8 23. cxd6 Rxd6 24. Bxd6 Qxd6 25. Bxe6+ Kb7 26. Bxg4 hxg4 27.
Rh6 Qd7 28. Rc1 Rf5 29. b4 Rxg5 30. Qc2 Rg7 31. Qd2 Qa4 32. Rc3 a5 33. bxa5 Rd7
34. Rd3 Rxd3 35. Qxd3 Qxa5+ 36. Kf1 Qc5 37. Kg1 Qc1+ 38. Qf1 Qxa3 39. Rh7 Qd6
40. Qc1 Bc6 41. Qc2 Qe5 42. Qc4 b5 43. Qd4 Qf5 44. Qg7 Qb1+ 45. Kh2 Qh1+ 46.
Kg3 Qf3+ 47. Kh4 Qxf2+ 48. Kxg4 Qf3+ 49. Kh4 Qe4+ 50. Kh5 Be8+ 51. Kg5 Qxe3+
52. Kf6 Qc5 53. Ke6 Bc6 54. Qe5 Qc4+ 55. Ke7 b4 56. Rg7 b3 57. Kf6 Bb5 58. Rg4
Qc6+ 59. Kg5 Qc1+ 60. Kh4 Qh6+ 61. Kg3 Kb6 62. Rb4 Qd6 1/2-1/2

[Event "SR 1. liga zapad 2013/2014"]
[Site "?"]
[Date "2013.10.12"]
[Round "2.2"]
[White "Janko, Michal"]
[Black "Jozefek, Michal"]
[Result "1-0"]
[WhiteElo "2260"]
[BlackElo "2168"]
[PlyCount "65"]
[EventDate "2013.??.??"]
[WhiteTeam "NSK Nitra"]
[BlackTeam "SK Osuske"]

1. d4 Nf6 2. c4 e6 3. Nc3 Bb4 4. e3 O-O 5. Nge2 d5 6. a3 Be7 7. cxd5 exd5 8.
Ng3 Re8 9. Bd3 Be6 10. O-O Nbd7 11. Bd2 c5 12. Nce2 Qb6 13. Rb1 Rac8 14. Qa4 a6
15. Nf4 Qc6 16. Qd1 Ne4 17. Be1 Nxg3 18. hxg3 Nf6 19. dxc5 Bxc5 20. b4 Ba7 21.
b5 Qd6 22. Bb4 Bc5 23. bxa6 bxa6 24. Qa4 Bxb4 25. axb4 Bd7 26. Qxa6 Rc6 27. Qa5
Re5 28. b5 Rb6 29. Qb4 Qb8 30. Rfc1 Ne4 31. Nxd5 Rxd5 32. Qxe4 Rbd6 33. Qxh7+
1-0

[Event "SR 1. liga zapad 2013/2014"]
[Site "?"]
[Date "2013.10.12"]
[Round "2.3"]
[White "Bury, Rastislav"]
[Black "Debnar, Lubos"]
[Result "0-1"]
[WhiteElo "2120"]
[BlackElo "2260"]
[PlyCount "98"]
[EventDate "2013.??.??"]
[WhiteTeam "SK Osuske"]
[BlackTeam "NSK Nitra"]

1. d4 Nf6 2. c4 e6 3. Nc3 Bb4 4. e3 c5 5. Nf3 O-O 6. Be2 d5 7. O-O Nc6 8. a3
Bxc3 9. bxc3 dxc4 10. Bxc4 Qc7 11. a4 e5 12. Ba3 b6 13. dxc5 bxc5 14. Qc2 e4
15. Nd2 Ne5 16. Be2 Bg4 17. f3 exf3 18. gxf3 Bh3 19. Rf2 Rfe8 20. Bf1 Bxf1 21.
Nxf1 Qc6 22. e4 Nh5 23. Bc1 Rad8 24. Ng3 Qg6 25. Kg2 Nd3 26. Rf1 c4 27. Be3
Ndf4+ 28. Bxf4 Nxf4+ 29. Kh1 Rd3 30. Rad1 Red8 31. Rg1 Nh3 32. Nf5 Qf6 33. Rxd3
cxd3 34. Qd2 Nxg1 35. Kxg1 g6 36. Nd4 Rxd4 37. cxd4 Qxf3 38. e5 h5 39. e6 fxe6
40. Qg5 Qg4+ 41. Qxg4 hxg4 42. Kf2 Kg7 43. Ke3 d2 44. Kxd2 Kf6 45. Kd3 Kf5 46.
a5 Kf4 47. d5 exd5 48. Kd4 Kf3 49. Kxd5 Kg2 0-1

[Event "SR 1. liga zapad 2013/2014"]
[Site "?"]
[Date "2013.10.12"]
[Round "2.4"]
[White "Gorusa, Miroslav"]
[Black "Kimerling, Martin"]
[Result "1-0"]
[WhiteElo "2146"]
[BlackElo "2109"]
[PlyCount "79"]
[EventDate "2013.??.??"]
[WhiteTeam "NSK Nitra"]
[BlackTeam "SK Osuske"]

1. d4 Nf6 2. c4 g6 3. Nc3 d5 4. cxd5 Nxd5 5. e4 Nxc3 6. bxc3 Bg7 7. Bc4 c5 8.
Ne2 Nc6 9. Be3 O-O 10. O-O Na5 11. Bd3 b6 12. Rb1 cxd4 13. cxd4 e5 14. d5 f5
15. f3 Nb7 16. Qd2 f4 17. Bf2 h5 18. Rfc1 g5 19. Ba6 Rf7 20. Rc2 g4 21. Kh1 Bf8
22. Nc1 Rg7 23. Nd3 Bd6 24. Rc6 Nc5 25. Nxc5 Bxc5 26. Bxc8 Rxc8 27. Rxc8 Qxc8
28. Bxc5 gxf3 29. gxf3 Qxc5 30. Rc1 Qa3 31. Qc3 Qe7 32. Qc8+ Qf8 33. Qe6+ Qf7
34. Rc8+ Kh7 35. Qxf7 Rxf7 36. Re8 Rc7 37. Rxe5 Rc1+ 38. Kg2 Rc2+ 39. Kh3 Rxa2
40. d6 1-0

[Event "SR 1. liga zapad 2013/2014"]
[Site "?"]
[Date "2013.10.12"]
[Round "2.5"]
[White "Jablonicky, Martin"]
[Black "Skreno, Vladimir"]
[Result "0-1"]
[WhiteElo "1967"]
[BlackElo "2195"]
[PlyCount "82"]
[EventDate "2013.??.??"]
[WhiteTeam "SK Osuske"]
[BlackTeam "NSK Nitra"]

1. Nf3 Nf6 2. d4 g6 3. c4 Bg7 4. Nc3 d6 5. e4 O-O 6. Be3 Nbd7 7. h3 e5 8. d5 a5
9. Bd3 b6 10. Nd2 Nc5 11. Bc2 Nh5 12. g3 Bd7 13. a3 Qc8 14. g4 Nf4 15. Qf3
Ncd3+ 16. Bxd3 Nxd3+ 17. Ke2 Nc5 18. b4 axb4 19. axb4 Rxa1 20. Rxa1 Na6 21. b5
Nc5 22. Bxc5 bxc5 23. Qd3 f5 24. f3 Qd8 25. Ra7 Bh6 26. Nd1 Bf4 27. Nf1 h5 28.
Nf2 hxg4 29. hxg4 fxg4 30. fxg4 Bg5 31. Ra3 Bh4 32. Ng3 Qg5 33. Qe3 Bxg4+ 34.
Nxg4 Qxg4+ 35. Kd2 Bxg3 36. Qxg3 Qxe4 37. Re3 Qd4+ 38. Ke1 Qa1+ 39. Ke2 Qb2+
40. Kd3 e4+ 41. Rxe4 Qb3+ 0-1

[Event "SR 1. liga zapad 2013/2014"]
[Site "?"]
[Date "2013.10.12"]
[Round "2.6"]
[White "Dlhy, Jozef"]
[Black "Jablonicky, Frantisek"]
[Result "1/2-1/2"]
[WhiteElo "2057"]
[BlackElo "2146"]
[PlyCount "98"]
[EventDate "2013.??.??"]
[WhiteTeam "NSK Nitra"]
[BlackTeam "SK Osuske"]

1. d4 f5 2. Nc3 d5 3. Bf4 c6 4. e3 Nf6 5. Bd3 e6 6. a3 Be7 7. Nf3 O-O 8. Ne5
Nbd7 9. O-O Nxe5 10. Bxe5 Bd7 11. Be2 Be8 12. Na2 a5 13. c4 b5 14. cxb5 cxb5
15. Nc3 b4 16. Nb5 Bxb5 17. Bxb5 Qb6 18. Bxf6 Rxf6 19. a4 f4 20. Rc1 fxe3 21.
fxe3 e5 22. Rxf6 Qxf6 23. Qg4 exd4 24. exd4 h5 25. Qxh5 Qxd4+ 26. Kh1 Rd8 27.
Rd1 Qh4 28. Qf5 Qf6 29. Qh5 Qg5 30. Qe2 Bf6 31. b3 d4 32. Qe6+ Kh7 33. Bd3+ g6
34. Rf1 Rf8 35. Qe4 Bg7 36. Rxf8 Bxf8 37. g3 Bg7 38. Kg2 Qd2+ 39. Kh3 Qh6+ 40.
Kg2 Qd2+ 41. Kh3 Qh6+ 42. Kg2 Qd2+ 43. Kh3 Qg5 44. Kg2 Qd2+ 45. Kh3 Qg5 46. Kg2
Qd2+ 47. Kh3 Qg5 48. Kg2 Qd2+ 49. Kh3 Qh6+ 1/2-1/2

[Event "SR 1. liga zapad 2013/2014"]
[Site "?"]
[Date "2013.10.12"]
[Round "2.7"]
[White "Polasek, Filip"]
[Black "Pereszlenyi, Gejza"]
[Result "1-0"]
[WhiteElo "2085"]
[BlackElo "2000"]
[PlyCount "85"]
[EventDate "2013.??.??"]
[WhiteTeam "SK Osuske"]
[BlackTeam "NSK Nitra"]

1. e4 e6 2. d4 d5 3. e5 f5 4. Nf3 c5 5. c3 Nc6 6. Be3 Qb6 7. Qd2 Bd7 8. Be2 Nh6
9. O-O Nf7 10. Rc1 c4 11. Qc2 Na5 12. Nbd2 Qd8 13. b3 Ba3 14. Rd1 cxb3 15. axb3
Be7 16. b4 Nc6 17. b5 Na5 18. Qa4 b6 19. Qa2 g5 20. g3 O-O 21. c4 g4 22. Ne1
dxc4 23. Nxc4 Bg5 24. Nxa5 Bxe3 25. fxe3 bxa5 26. d5 Qb6 27. Ng2 Nxe5 28. dxe6
Bxe6 29. Qxa5 Bc4 30. Bxc4+ Nxc4 31. Qa2 Qe6 32. Rac1 Rad8 33. Rxd8 Rxd8 34.
Qxc4 Rd1+ 35. Kf2 Rd2+ 36. Kf1 Kf7 37. Qxe6+ Kxe6 38. Rc7 Rb2 39. Rxa7 Rxb5 40.
Nf4+ Ke5 41. Re7+ Kf6 42. Rxh7 Rb2 43. Ne2 1-0

[Event "SR 1. liga zapad 2013/2014"]
[Site "?"]
[Date "2013.10.12"]
[Round "2.8"]
[White "Danko, Dusan"]
[Black "Diviak, Rastislav"]
[Result "0-1"]
[WhiteElo "1875"]
[BlackElo "1998"]
[PlyCount "72"]
[EventDate "2013.??.??"]
[WhiteTeam "NSK Nitra"]
[BlackTeam "SK Osuske"]

1. d4 d5 2. c4 e6 3. Nf3 Nf6 4. Nc3 c6 5. a3 dxc4 6. e4 b5 7. Be2 Bb7 8. Bg5
Be7 9. Qc2 O-O 10. Rd1 Qc7 11. Bxf6 Bxf6 12. e5 Be7 13. h4 Nd7 14. Ng5 g6 15.
Bg4 a6 16. f4 c5 17. d5 exd5 18. Rxd5 Nb6 19. Rd2 Rad8 20. Rf2 Nd5 21. Nxd5
Bxd5 22. Nxh7 Kxh7 23. h5 Kg7 24. Qc3 b4 25. Qg3 bxa3 26. f5 Qa5+ 27. Kf1 a2
28. f6+ Bxf6 29. exf6+ Kg8 30. Kg1 a1=Q+ 31. Kh2 Qxh1+ 32. Kxh1 Qe1+ 33. Kh2
Be4 34. hxg6 Bxg6 35. Bh5 Rd3 36. Qf4 Bxh5 0-1

[Event "SR 1. liga zapad 2013/2014"]
[Site "?"]
[Date "2013.10.12"]
[Round "3.1"]
[White "Motuz, Karol"]
[Black "Zetocha, Claudiu"]
[Result "1-0"]
[WhiteElo "2305"]
[BlackElo "2363"]
[Annotator "Janko"]
[PlyCount "65"]
[EventDate "2013.??.??"]
[WhiteTeam "SKS Povazska Bystrica"]
[BlackTeam "SK Slovan Bratislava C"]

1. c4 e5 2. a3 Nf6 3. d3 d6 4. g3 g6 5. Bg2 Bg7 6. Nc3 O-O 7. Nf3 c6 8. O-O Qe7
9. e4 Nbd7 10. Re1 Re8 11. h3 a6 12. b4 b5 13. Be3 Bb7 14. Nd2 Rab8 15. Nb3 Qe6
16. Na5 Ba8 17. Qb3 Bf8 18. Rac1 Red8 19. Re2 h5 20. Rec2 bxc4 21. dxc4 Qe8 22.
Rd2 Nc5 23. Qd1 Ne6 24. Rb1 h4 25. Kh2 hxg3+ 26. fxg3 Nd4 27. Rf2 Bg7 28. Bg5
Qe7 29. Qd2 Ne6 30. Be3 Rd7 31. Rbf1 Rbd8 32. Nd5 cxd5 33. exd5 $138 1-0

[Event "SR 1. liga zapad 2013/2014"]
[Site "?"]
[Date "2013.10.12"]
[Round "3.2"]
[White "Havlicek, Libor"]
[Black "Chovanec, Milan"]
[Result "1-0"]
[WhiteElo "2268"]
[BlackElo "2147"]
[Annotator "Janko"]
[PlyCount "85"]
[EventDate "2013.??.??"]
[WhiteTeam "SK Slovan Bratislava C"]
[BlackTeam "SKS Povazska Bystrica"]

1. d4 d5 2. c4 Nc6 3. Nc3 dxc4 4. d5 Ne5 5. Qd4 Ng6 6. e4 e5 7. Qxc4 a6 8. Be3
Bd6 9. Nge2 Nf6 10. f3 b5 11. Qb3 O-O 12. h4 Nh5 13. O-O-O Ngf4 14. g4 Nxe2+
15. Nxe2 Nf4 16. Nxf4 exf4 17. Bd4 Re8 18. Qc3 b4 19. Qd2 Bd7 20. Kb1 Qe7 21.
Bc4 Bb5 22. Rc1 Rec8 23. e5 Bxc4 24. Rxc4 Bxe5 25. Re1 f6 26. Bxe5 fxe5 27.
Qxf4 Qxh4 28. Rxe5 Rf8 29. Rf5 Rxf5 30. Qxf5 Qg3 31. Qe6+ Kh8 32. Qf7 Qe1+ 33.
Rc1 Qe2 34. Rxc7 Qd1+ 35. Rc1 Qd3+ 36. Ka1 Rd8 37. Re1 h6 38. Re8+ Kh7 39. Qg8+
Kg6 40. Re6+ Kg5 41. Qxg7+ Kh4 42. Rxh6+ Kg3 43. Qe5+ 1-0

[Event "SR 1. liga zapad 2013/2014"]
[Site "?"]
[Date "2013.10.12"]
[Round "3.3"]
[White "Jakubek, Peter"]
[Black "Ruckschloss, Karol"]
[Result "1/2-1/2"]
[WhiteElo "2140"]
[BlackElo "2244"]
[Annotator "Janko"]
[PlyCount "52"]
[EventDate "2013.??.??"]
[WhiteTeam "SKS Povazska Bystrica"]
[BlackTeam "SK Slovan Bratislava C"]

1. d4 d6 2. e4 Nf6 3. Nc3 g6 4. g3 Bg7 5. Bg2 O-O 6. Nge2 c5 7. dxc5 dxc5 8.
Qxd8 Rxd8 9. Be3 Na6 10. h3 Ne8 11. O-O Nd6 12. Rad1 Bd7 13. Nd5 Kf8 14. Bg5
Nc8 15. b3 Bc6 16. c4 h6 17. Bf4 Rd7 18. h4 e6 19. Ndc3 Nb4 20. Rxd7 Bxd7 21.
Rd1 Ke7 22. Rd2 b6 23. Nb5 a6 24. Nd6 e5 25. Nxc8+ Rxc8 26. Be3 Be6 1/2-1/2

[Event "SR 1. liga zapad 2013/2014"]
[Site "?"]
[Date "2013.10.12"]
[Round "3.4"]
[White "Castiglione, Mario"]
[Black "Obona, Jan"]
[Result "1-0"]
[WhiteElo "2240"]
[BlackElo "2140"]
[Annotator "Janko"]
[PlyCount "39"]
[EventDate "2013.??.??"]
[WhiteTeam "SK Slovan Bratislava C"]
[BlackTeam "SKS Povazska Bystrica"]

1. Nf3 d5 2. c4 c6 3. b3 Nf6 4. Bb2 Bg4 5. h3 Bh5 6. g4 Bg6 7. g5 Ne4 8. d3
Qa5+ 9. Nbd2 Nxd2 10. Qxd2 Qxd2+ 11. Kxd2 e6 12. Bg2 Nd7 13. h4 Bh5 14. Ne5
Bb4+ 15. Kc2 Bxe2 16. Nxd7 Kxd7 17. Bxg7 Rhg8 18. Bc3 Bd6 19. f3 f6 20. Rae1
1-0

[Event "SR 1. liga zapad 2013/2014"]
[Site "?"]
[Date "2013.10.12"]
[Round "3.5"]
[White "Kvassay, Peter"]
[Black "Dolnak, Michal"]
[Result "1/2-1/2"]
[WhiteElo "2042"]
[BlackElo "2164"]
[Annotator "Janko"]
[PlyCount "114"]
[EventDate "2013.??.??"]
[WhiteTeam "SKS Povazska Bystrica"]
[BlackTeam "SK Slovan Bratislava C"]

1. d4 Nf6 2. Nf3 e6 3. g3 c5 4. c4 cxd4 5. Nxd4 d5 6. Bg2 e5 7. Nf3 d4 8. O-O
Nc6 9. e3 Bc5 10. exd4 exd4 11. Re1+ Be6 12. Ng5 O-O 13. Rxe6 fxe6 14. Nxe6 Qe7
15. Nxf8 Rxf8 16. Nd2 d3 17. Nb3 Ng4 18. Nxc5 Qxc5 19. Bd5+ Kh8 20. Qe1 Nd4 21.
Be3 Qb6 22. Rb1 Qf6 23. Qd2 Nf3+ 24. Bxf3 Qxf3 25. Re1 Qc6 26. Qxd3 Ne5 27. Qd5
Nf3+ 28. Kf1 Qc8 29. h4 Nxe1 30. Kxe1 Rd8 31. Qe4 a6 32. b3 Rd6 33. Kf1 Qh3+
34. Ke2 Qd7 35. Kf3 Kg8 36. Kg2 Rd1 37. Kf3 h6 38. Kg2 Ra1 39. Bxh6 gxh6 40.
Qg6+ Qg7 41. Qe8+ Qf8 42. Qe6+ Kg7 43. Qg4+ Kh8 44. Qd4+ Qg7 45. Qd8+ Kh7 46.
Qd3+ Kg8 47. Qd5+ Qf7 48. Qd8+ Kg7 49. Qd4+ Qf6 50. Qd7+ Kg6 51. Qg4+ Kf7 52.
Qd7+ Qe7 53. Qf5+ Kg7 54. Qg4+ Kf8 55. Qc8+ Kg7 56. Qg4+ Kh7 57. Qf5+ Kg7
1/2-1/2

[Event "SR 1. liga zapad 2013/2014"]
[Site "?"]
[Date "2013.10.12"]
[Round "3.6"]
[White "Valent, Ivan"]
[Black "Capak, Stefan"]
[Result "1-0"]
[WhiteElo "2202"]
[BlackElo "2040"]
[Annotator "Janko"]
[PlyCount "61"]
[EventDate "2013.??.??"]
[WhiteTeam "SK Slovan Bratislava C"]
[BlackTeam "SKS Povazska Bystrica"]

1. e4 c5 2. Nf3 d6 3. Bb5+ Bd7 4. Bxd7+ Qxd7 5. c4 Qg4 6. O-O Qxe4 7. d4 cxd4
8. Nxd4 Nc6 9. Nb5 Rc8 10. Nxd6+ exd6 11. Re1 Qxe1+ 12. Qxe1+ Be7 13. Bf4 Nf6
14. Bxd6 O-O 15. Bxe7 Rfe8 16. Nc3 Rxe7 17. Qd2 Rd8 18. Nd5 Red7 19. Nxf6+ gxf6
20. Qe2 Ne5 21. b3 Rd2 22. Qh5 R8d4 23. h3 R4d3 24. Qh6 Re2 25. Qxf6 Rdd2 26.
c5 Nd3 27. Rf1 Nb2 28. a3 Nd1 29. b4 Ne3 30. Qg5+ Kf8 31. fxe3 1-0